000 01074cab a2200277 4500
001 ABS53904
008 090401t1995 xxu||||| |||| 00| 0 eng d
035 _a(Sirsi) u7295
041 _aeng
100 _aDavies, P.
245 _aSaving our historic hospitals
260 _c1995
350 _a0
490 _aConservation Bulletin
_vNovember 1995, 10-11(2)
520 _aSummarises the English Heritage and NHS Estates publication "Historic Buildings and the Health Service", looking at the conservation of redundant historic hospitals by finding alternative uses for them. It is estimated that over the next ten years 120 large historic hospital sites are likely to become surplus stock, at a time when other sectors of the property market are also shedding buildings.
650 _aALTERNATIVE USES
650 _aFACADISM
650 _aHEALTH BUILDINGS
650 _aHOSPITALS
650 _aREDEVELOPMENT
650 _aREDUNDANT BUILDINGS
650 _aSURPLUS BUILDINGS
690 _aPROPERTY-COMMERCIAL PROPERTY
942 _n0
948 _c04/03/1997
999 _c4391
_d4391